Statistics for Countries with the Most Tourists Per Capita

Click here to take the quiz!

General Stats

  • This quiz has been taken 47,583 times
    (9,493 since last reset)
  • The average score is 13 of 20

Answer Stats

Ratio Continent Country % Correct
> 5,000EuropeVatican City
95%
8.91EuropeMonaco
89%
2.48EuropeSan Marino
83%
39.4EuropeAndorra
82%
2.24EuropeLiechtenstein
80%
5.90EuropeMalta
73%
4.18North AmericaBahamas
72%
2.53AsiaSingapore
72%
6.91EuropeIceland
68%
2.88EuropeGreece
67%
3.29AsiaCyprus
58%
4.03EuropeCroatia
57%
3.44EuropeAustria
56%
2.37North AmericaBarbados
53%
2.80AsiaMaldives
50%
3.70AfricaSeychelles
46%
6.44OceaniaPalau
44%
2.44EuropeEstonia
40%
2.66AsiaBahrain
39%
3.31EuropeMontenegro
34%

Score Distribution

Percentile by Number Answered

Percent of People with Each Score

Your Score History

You have not taken this quiz since the last reset